| 000 | 00000nam##2200000za#4500 |
| 001 | 9.533275 |
| 003 | CaOODSP |
| 005 | 20200327072503 |
| 007 | ta |
| 008 | 150406|2000||||xxc||||| f|0| 0 fre|d |
| 020 | |a0-660-61216-X |
| 040 | |aCaOODSP|bfre |
| 041 | |aeng |
| 041 | |afre |
| 043 | |an-cn--- |
| 086 | 1 |aBT31-2/2001-III-99 |
| 110 | 1 |aCanada. |bConseil du trésor. |
| 245 | 10|aBureau de l'Enquêteur correctionnel |
| 260 | |aOttawa - Ontario : |bSecrétariat du Conseil du Trésor du Canada |c2000. |
| 300 | |aTexte français, 17p. : |borganigramme, tableaux ; |c28 cm. |
| 490 | 1 |aBudget des dépenses 2000-2001, partie III: rapport sur les plans et les priorités |
| 546 | |aBilingue |
| 563 | |aCouverture souple |
| 590 | |a00-14|b2000-04-07 |
| 691 | 07|aPrévisions budgétaires|2gcpds |
| 776 | 0#|tOffice of the Correctional Investigator, 2000-2001 estimates. Part III, Report on plans and priorities |w(CaOODSP)9.567933 |
| 776 | 0#|tBureau de l'enquêteur correctionnel, budget des dépenses 2000-2001. Partie III, Rapport sur les plans et les priorités |w(CaOODSP)9.599246 |
| 791 | |tOffice of the Correctional Investigator |eeng|w(CaOODSP)9.533274 |
| 830 | #0|aBudget des dépenses 2000-2001, partie III: rapport sur les plans et les priorités.|w(CaOODSP)9.508965 |